| 000 | 00667nam a22001697a 4500 | ||
|---|---|---|---|
| 020 | _qHard Cover. | ||
| 082 | _a004 | ||
| 100 | _aBajwa, Numan, Adnan Saleem , Syed Mustafa Zaidi, Abdul Basit Saleem, Usman Sardar Khan | ||
| 245 |
_aINFLATION / _cNuman Bajwa, Adnan Saleem , Syed Mustafa Zaidi, Abdul Basit Saleem, Usman Sardar Khan |
||
| 260 |
_aIslamabad : _bSEECS - NUST, _c2009. |
||
| 300 |
_a54 p. : ill. ; _c30cm. |
||
| 650 |
_aComputer Science Engineering-Project Report _931419 |
||
| 700 |
_aN.D Gohar. _934431 |
||
| 856 | _u http://10.250.8.41:8080/xmlui/handle/123456789/29072 | ||
| 942 |
_2ddc _cPR |
||
| 999 |
_c540420 _d540420 |
||